American countries by area - Statistics

General Stats
  • This quiz has been taken 86 times
    69 since last reset
  • The average score is 30 of 35
Answer Stats
Area (km^2) Area (mi^2) Country % Correct
2,780,400 1,073,234 Argentina
100%
1,098,581 424,052 Bolivia
100%
8,515,767 3,287,086 Brazil
100%
9,984,670 3,854,083 Canada
100%
756,102 291,855 Chile
100%
1,141,748 440,715 Colombia
100%
1,964,375 758,249 Mexico
100%
406,752 157,006 Paraguay
100%
1,285,216 496,093 Peru
100%
9,372,610 3,617,827 United States
100%
916,445 353,748 Venezuela
98%
276,841 106,861 Ecuador
96%
214,969 82,978 Guyana
93%
109,884 42,415 Cuba
87%
130,373 50,324 Nicaragua
87%
163,820 63,235 Suriname
87%
27,750 10,712 Haiti
85%
112,492 43,422 Honduras
85%
75,417 29,111 Panama
85%
181,034 69,879 Uruguay
85%
22,966 8,865 Belize
83%
108,889 42,031 Guatemala
83%
51,100 19,725 Costa Rica
80%
10,991 4,243 Jamaica
80%
48,671 18,704 Dominican Republic
78%
21,041 8,122 El Salvador
76%
13,943 5,382 The Bahamas
70%
5,130 1,980 Trinidad and Tobago
70%
261 101 Saint Kitts and Nevis
67%
616 238 Saint Lucia
67%
389 150 Saint Vincent and the Grenadines
65%
430 166 Barbados
63%
422 171 Antigua and Barbuda
61%
750 290 Dominica
61%
344 133 Grenada
61%
No matching quizzes found
Score Distribution
Percent of People with Each Score
Percentile by Number Answered
Your Score History
You have not taken this quiz since the last reset